Statistics for Cryptic Geography

Click here to take the quiz!

General Stats

  • This quiz has been taken 75 times
  • The average score is 11 of 16

Answer Stats

HintAnswer% Correct
Dry, sandy expanse for puddingDesert
92%
Earth’s surface tops a pieCrust
83%
Gump’s woodForest
82%
Volcanic emission is a maggotLava
80%
Eject saliva on sandy projectionSpit
78%
Secure Scottish lakeLoch
77%
Mr Richards at steep rock face by the seaCliff
73%
Arrange food on tectonic structurePlate
73%
Bound to the movement of the seaTide
72%
I touch down on earth surrounded by waterIsland
68%
Espy oceanSea
57%
Circular reef extracts a feeAtoll
55%
Accumulated water droplets stored on the internetCloud
53%
Law officers in small group of treesCopse
53%
Spool a strong breezeWind
47%
See Spanish mountain range in old FordSierra
38%

Score Distribution

Percentile by Number Answered

Percent of People with Each Score

Your Score History

You have not taken this quiz